III-Canada Healthcare-b - Statistics

General Stats
  • This quiz has been taken 8 times
  • The average score is 2 of 30
Answer Stats
% Correct
Percentage of healthcare funded publicly in Canada 71%
50%
Least regulated senior living environment Retirement Home
50%
Main source of provincial healthcare revenue Taxes
50%
Employer-funded workplace injury program WSIB
50%
Percentage of spending from private insurance 12%
0%
Percentage of spending from out-of-pocket payments 14.6%
0%
Term for highly similar biologic medication Biosimilar
0%
National system collecting ADRs Canada Vigilance
0%
Agency that provides reimbursement recommendations CDA
0%
Care setting for minors with behavioral or social issues Group Home
0%
Agency approving new medications Health Canada
0%
Setting offering 24-hour supervision for severe mental illness Home for Special Care
0%
Funding approach combining public funding with private delivery Hybrid Model
0%
Factor that increases healthcare spending Inflation
0%
Rule preventing Schedule III self-selection when closed Lock and Leave
0%
License for medical device manufacturers MDEL
0%
Healthcare funded for federal inmates Medical Care
0%
Committee determining NAPRA schedules NDSAC
0%
Federal agency responsible for emergency preparedness PHAC
0%
Federal agency providing traveler health information PHAC
0%
Term for identical active ingredients and dosage Pharmaceutical Equivalent
0%
Regulator for generic drug pricing PMPRB
0%
Factor that decreases healthcare spending Prevention
0%
Coverage for newcomers awaiting provincial insurance Private Insurance
0%
Government defining medically necessary services Provincial
0%
Healthcare plan for veterans PSHCP
0%
Healthcare plan for RCMP members PSHCP
0%
Investigational treatment level Quaternary
0%
Schedule with pharmacist intervention but no prescription Schedule II
0%
Specialized physician services are called Secondary Care
0%
No matching quizzes found
Score Distribution
Percent of People with Each Score
Percentile by Number Answered
Your Score History
You have not taken this quiz